000
00329nam a2200121 a 4500
005
20140414132114.0
008
110826s19uu xx 00 eng d
020
_a
0809101742
050
_a
M 813'54
_b
P28 1972
100
_a
Paulus, Trina
245
_a
Hope for the flowers /
_c
words and pictures by Trina Paulus.
999
_c
114857
_d
114857